Valoración patrimonial del templo Moravo de la ciudad de Bluefields, Nicaragua

Presenta la valoración patrimonial del templo moravo de la ciudad de Blufields, Nicaragua. En esta tesina se logra identificar las cualidades extrínsecas e intrínsecas del inmueble, destacando los diferentes valores que hacen que el edificio amerite ser considerado un bien patrimonial para, respa...

Full description

Bibliographic Details
Main Author: Monterrey Guillen, Joelmir Ely
Other Authors: Tutor: Ortiz Oviedo, Ana Francis
Format: Tesis Section = Libro
Language:Undetermined
Spanish
Published: Managua UNI 2011
Subjects:
LEADER 01261nam a2200241Ia 4500
008 240830s9999 xx 000 0 und d
040 |a BIBLIOTECA-RUSB/ Mon 726.1 M778 
041 |a spa 
082 |a Mon 726.1 M778 
100 1 |a Monterrey Guillen, Joelmir Ely 
245 1 0 |a Valoración patrimonial del templo Moravo de la ciudad de Bluefields, Nicaragua 
260 |a Managua  |b UNI  |c 2011 
300 |a 240 p. :il. 
502 |a Tesis (Arquitecto) - UNI, 2011. 
520 3 |a Presenta la valoración patrimonial del templo moravo de la ciudad de Blufields, Nicaragua. En esta tesina se logra identificar las cualidades extrínsecas e intrínsecas del inmueble, destacando los diferentes valores que hacen que el edificio amerite ser considerado un bien patrimonial para, respaldar esta valoración se realizaron diferentes estudios de contexto, histórico, formal espacial, formal, estilístico, constructivo, estructural y de modelos análogos o de referencia tipología. 
650 7 |a TEMPLOS MORAVOS - BLUEFIELDS 
650 7 |b  ARQUITECTURA RELIGIOSA - NICARAGUA 
650 7 |c  ESTUDIO ARQUITECTÓNICO 
650 7 |d  ARQUITECTURA - DISEÑO Y PLANOS 
700 1 |a Tutor:  |b Ortiz Oviedo, Ana Francis 
942 |c BK  |2 ddc 
991 |a TESIS 
999 |c 21332